| 000 | 00356 a2200157 4500 | ||
|---|---|---|---|
| 001 | 13997 | ||
| 020 | _a9788598078908 (broch.) | ||
| 040 | _cAnchieta - Aquarius | ||
| 100 | _aZampil, Raquel | ||
| 240 | 1 | 0 |
_a=O Ășltimo olimpiano _lpor |
| 245 | 1 | 0 | _a=O Ășltimo olimpiano |
| 300 | _a383p. | ||
| 362 | 0 | _a2010 | |
| 650 | 4 | _aLiteratura inglesa | |
| 942 | _cBK | ||
| 999 |
_c13997 _d13997 |
||